| 000 | 00861cam a22002891 4500 | ||
|---|---|---|---|
| 001 | 3289 | ||
| 003 | BD-RjUL | ||
| 005 | 20211208233715.0 | ||
| 008 | 131218s1961 xx 001 0 eng d | ||
| 035 | _a(BD-RjUL)3323 | ||
| 035 | _a(OCoLC)1355326 | ||
| 040 |
_aDLC _cFO _dDLC _beng |
||
| 041 | _aeng | ||
| 082 |
_a943.704 _bREC |
||
| 100 | 2 |
_aReisky-Dubnic, Vladimir, _d1923- _910378 |
|
| 245 | 1 | 0 |
_aCommunist propaganda methods : _ba case study on Czechoslovakia / _cHans J. Morgenthau. |
| 260 |
_aNew York : _bPraeger, _cc1960. |
||
| 300 |
_a287 p. ; _c22 cm. |
||
| 490 | 0 | _aBooks that matter | |
| 504 | _aIncludes bibliography. | ||
| 650 | 0 |
_aPropaganda, Communist. _910379 |
|
| 650 | 0 |
_aCommunism _zCzechoslovakia. _910380 |
|
| 651 | 0 |
_aCzechoslovakia _xHistory _y1945- _910381 |
|
| 942 |
_2ddc _cBK |
||
| 999 |
_c3289 _d3289 |
||